Initiales de JA à JZ - Statistiques

Statistiques générales
  • Ce quiz a été pris 52 fois
  • Le résultat moyen est 13 sur 26
Statistiques - réponses
Initiales Définition Réponse % Correct
JC Acteur de Hong-Kong, spécialiste des arts martiaux Jackie Chan
98%
JO Ils ont lieu eu lieu a Paris en 2024 Jeux Olympiques
98%
JD Jack Sparrow dans Pirates des Caraïbes Johnny Depp
98%
JL Il à chanté Let It Be en 1970 John Lennon
94%
JN Basketteur et fils d'un chanteur français qui était tennisman Joakim Noah
87%
JB Créateur d'Amazon Jeff Bezos
85%
JR Écrivaine tirant sa notoriété grâce à Harry Potter Joanne Rowling
77%
JH Guitariste américain hautement connu en 4 ans de carrière Jimi Hendrix
68%
JS Seul tennisman italien numéro 1 mondial de l'histoire Jannik Sinner
66%
JP Ancien présentateur du Journal Télévisé sur TF1 Jean-Pierre Pernaut
64%
JF La Montagne, Nuit et Brouillard sont ses chansons Jean Ferrat
62%
JT Il a chanté SexyBack en 2006 Justin Timberlake
62%
JA Seul français à être double champion du monde de cyclisme sur route Julian Alaphilippe
57%
JV Champion du monde de F1 en 1997 Jacques Villeneuve
51%
JU Seul allemand à ce jour à avoir gagné le Tour de France Jan Ullrich
45%
JJ Elle sort son premier album en 2010, il se nomme Sur mes Gardes Joyce Jonathan
43%
JG Footballeur anglais jouant a Manchester City de 2021 à 2025 Jack Grealish
40%
JZ Double champion du monde moto2, il a gagné le GP de France 2025 Johann Zarco
40%
JI Vice-champion de f1 en 1969-1970, son nom se dit comme une lettre Jacky Ickx
38%
JM L'un des champions du monde MotoGP depuis 2020 Jorge Martin / Joan Mir
17%
JK Elle joue Loïs dans Malcolm Jane Kaczmarek
6%
JY Pongiste franco-chinoise gagnante du Top16 européen en 2024 Jia Nan Yuan
6%
JW Il gagne beaucoup de coupes, tel est son nom, 6 titres de V8 Supercars Jamie Whincup
4%
JE Il joue Jackson dans la série Hannah Montana Jason Earles
4%
JQ Il joue Lucas dans LOL Jocelyn Quivrin
4%
JX Militaire et compagnon d'armes de Jeanne d'Arc Jean Poton de Xaintrailles
2%
Aucun quiz correspondant
Distribution des résultats
% des personnes avec chaque résultat
Percentile par nombre de réponses
Votre historique - résultats
Vous n’avez pas pris ce quiz